Под крылом «Жар-птицы»: к вопросу о социокультурной адаптации иностранных студентов (кейс Томского политехнического университета); Мир без границ: русский язык как иностранный в международном образовательном пространстве vol. 2.0
| Parent link: | Мир без границ: русский язык как иностранный в международном образовательном пространстве vol. 2.0.— 2020.— [С. 96-102] |
|---|---|
| Autor Principal: | |
| Autor Corporativo: | |
| Outros autores: | |
| Summary: | Заглавие с экрана В статье рассматриваются особенности социокультурной адаптации иностранных студентов Томского политехнического университета на примере работы клуба русского языка и культуры «Жар-птица», направленной на преодоление языкового и культурного барьера. The paper considers the peculiarities of socio-cultural adaptation of international students at Tomsk Polytechnic University on the example of the Russian language and culture club «Firebird», aimed at overcoming language and cultural barriers. |
| Idioma: | ruso |
| Publicado: |
2020
|
| Subjects: | |
| Acceso en liña: | https://elibrary.ru/item.asp?id=43872325 |
| Formato: | MixedMaterials Electrónico Capítulo de libro |
| KOHA link: | https://koha.lib.tpu.ru/cgi-bin/koha/opac-detail.pl?biblionumber=663751 |
MARC
| LEADER | 00000naa0a2200000 4500 | ||
|---|---|---|---|
| 001 | 663751 | ||
| 005 | 20250814092929.0 | ||
| 035 | |a (RuTPU)RU\TPU\network\34921 | ||
| 035 | |a RU\TPU\network\2897 | ||
| 090 | |a 663751 | ||
| 100 | |a 20210303d2020 k y0rusy50 ca | ||
| 101 | 0 | |a rus | |
| 102 | |a RU | ||
| 135 | |a drcn ---uucaa | ||
| 181 | 0 | |a i | |
| 182 | 0 | |a b | |
| 200 | 1 | |a Под крылом «Жар-птицы»: к вопросу о социокультурной адаптации иностранных студентов (кейс Томского политехнического университета) |d Under the wing of the «firebird»: on the socio-cultural adaptation of international students (a case study of Tomsk Polytechnic University) |f М. Е. Бохонная, Т. Л. Владимирова | |
| 203 | |a Текст |c электронный | ||
| 300 | |a Заглавие с экрана | ||
| 320 | |a [Библиогр.: 3 назв.] | ||
| 330 | |a В статье рассматриваются особенности социокультурной адаптации иностранных студентов Томского политехнического университета на примере работы клуба русского языка и культуры «Жар-птица», направленной на преодоление языкового и культурного барьера. | ||
| 330 | |a The paper considers the peculiarities of socio-cultural adaptation of international students at Tomsk Polytechnic University on the example of the Russian language and culture club «Firebird», aimed at overcoming language and cultural barriers. | ||
| 463 | |t Мир без границ: русский язык как иностранный в международном образовательном пространстве vol. 2.0 |o материалы II Международной научно-практической конференции, 19-21 Декабря 2019, Псков |v [С. 96-102] |d 2020 | ||
| 510 | 1 | |a Under the wing of the «firebird»: on the socio-cultural adaptation of international students (a case study of Tomsk Polytechnic University) |z eng | |
| 610 | 1 | |a электронный ресурс | |
| 610 | 1 | |a труды учёных ТПУ | |
| 610 | 1 | |a русский язык | |
| 610 | 1 | |a культура | |
| 610 | 1 | |a иностранные студенты | |
| 610 | 1 | |a русский язык как иностранный | |
| 700 | 1 | |a Бохонная |b М. Е. |c лингвист |c доцент Томского политехнического университета, кандидат филологических наук |f 1981- |g Марина Евгеньевна |3 (RuTPU)RU\TPU\pers\34837 |9 18174 | |
| 701 | 1 | |a Владимирова |b Т. Л. |c филолог |c доцент Томского политехнического университета, кандидат филологических наук |f 1975- |g Татьяна Леонидовна |3 (RuTPU)RU\TPU\pers\24593 |9 10891 | |
| 712 | 0 | 2 | |a Национальный исследовательский Томский политехнический университет |b Школа базовой инженерной подготовки |b Отделение русского языка |3 (RuTPU)RU\TPU\col\23517 |
| 801 | 2 | |a RU |b 63413507 |c 20210303 |g RCR | |
| 856 | 4 | |u https://elibrary.ru/item.asp?id=43872325 | |
| 942 | |c CF | ||